Algunos elementos del paleomicroplancton del terciario inferior de Patagonia (Argentina y Chile) /

Guardado en:
Autor Principal: Archangelsky, Sergio.
Otros Autores: Fasola, A.
Formato: Libro
Idioma:Spanish
Etiquetas: Agregar Etiqueta
Sin Etiquetas, Sea el primero en etiquetar este registro!
LEADER 00461nam a22001335a 4500
001 EUN.um024124
003 AR-BaUNS
005 20050623122902.0
008 041125b########xx############000#0#spa#d
245 1 0 |a Algunos elementos del paleomicroplancton del terciario inferior de Patagonia (Argentina y Chile) /  |c Sergio Archangelsky, A. Fasola. 
100 1 |a Archangelsky, Sergio. 
700 1 |a Fasola, A. 
082 0 4 |a 561 
859 |a Ar-BaUNS  |b BIB. CENTRAL - Sector C  |h 561  |i Ar22-2  |p 73992/976